LEADER 01227nam0-2200397li-450 001 990000270830203316 005 20180312154917.0 010 $a0-89871-309-9 035 $a0027083 035 $aUSA010027083 035 $a(ALEPH)000027083USA01 035 $a0027083 100 $a2001995031993-------y0itay0103----ba 101 0 $aeng 102 $aUS 200 1 $aWavelets$ealgorithms & applications$fYves Meyer$gtranslated and revised by Robert D. Ryan 210 $aPHiladelphia$cSociety for Industrial and Applied Mathematics$d1993 215 $aVII, 133 p.$cill.$d25 cm 610 1 $aAlgoritmi 610 1 $aAnalisi di fourier 610 1 $aElaborazione dell'immagine 676 $a515.243 3 700 1$aMEYER,$bYves$041129 702 1$aRYAN,$bRobert D. 801 $aSistema bibliotecario di Ateneo dell' Universitą di Salerno$gRICA 912 $a990000270830203316 951 $a515. 243 3 MEY$b17042/CBS$c515.243 3$d00220531 959 $aBK 969 $aSCI 979 $c19950313 979 $c20001110$lUSA01$h1716 979 $c20020403$lUSA01$h1635 979 $aPATRY$b90$c20040406$lUSA01$h1619 979 $aRSIAV7$b90$c20090520$lUSA01$h0955 996 $aWavelets$9376231 997 $aUNISA LEADER 01381nam 2200337Ia 450 001 996409030203316 005 20220120174635.0 024 8 $aocn946881720 035 $a(CKB)4940000000597773 035 $a(OCoLC)946881720 035 $a(OCoLC)ocn946881720 035 $a(OCoLC)9930385500971 035 $a(EXLCZ)994940000000597773 100 $a20160418d1658 uy | 101 0 $aeng 135 $aurbn#|||a|bb| 200 10$aHelps to understand and improve the Holy Scriptures, for our spirituall profit, comfort and stability$b[electronic resource] $eviz. scripture prophesies, promises, precepts, threatnings /$fby Robert Perrot minister of Gods Word ; imprimater, Joseph Caryl, Edmond Calamy 210 $aLondon $cPrinted, for John Hancock, to be sold at the first shop in Popes-Head Alley, next to Cornhill$d1658 215 $a[26], 196 p 300 $aErrata at end. 300 $aTightly bound and torn, with some loss of text. 300 $aReproduction of original in: Guildhall Library (London, England). 610 6$aReligious 700 $aR. P$g(Robert Perrot)$01013459 702 $aHancock$b John$factive 1638-1675, 801 0$bUMI 801 1$bUMI 906 $aBOOK 912 $a996409030203316 996 $aHelps to understand and improve the Holy Scriptures, for our spirituall profit, comfort and stability$92566210 997 $aUNISA LEADER 02257nam 2200493 450 001 9910817770603321 005 20230809223247.0 010 $a962-996-898-3 010 $a988-237-714-9 035 $a(CKB)3710000001109798 035 $a(MiAaPQ)EBC5433699 035 $a(OCoLC)990475224 035 $a(MdBmJHUP)muse60116 035 $a(Au-PeEL)EBL5433699 035 $a(CaPaEBR)ebr11584866 035 $a(OCoLC)1042325701 035 $a(EXLCZ)993710000001109798 100 $a20180706d2017 uy 0 101 0 $aeng 135 $aurcnu|||||||| 181 $ctxt$2rdacontent 182 $cc$2rdamedia 183 $acr$2rdacarrier 200 00$aPoverty in a rich society $ethe case of Hong Kong /$fedited by Maggie K.W. Lau and David Gordon 205 $aExpanded edition. 210 1$aSha Tin New Town, Hong Kong :$cThe Chinese University Press,$d[2017] 210 4$d©2017 215 $a1 online resource (xx, 216 pages) $cillustrations 225 0 $aCalligrams 311 $a962-996-788-X 320 $aIncludes bibliographical references (page 333-335) and index. 330 $aHong Kong has remained a wealthy financial hub but its income inequality is greater than that in any developed economy. The growing unequal income distribution and poverty in Hong Kong have aroused public concern. This book brings together some of Hong Kong's and the U.K.'s leading experts to examine poverty in Hong Kong from three perspectives: (1) public understanding of poverty, and the extent of poverty and social exclusion in Hong Kong society, (2) poverty and health as well as child poverty and educational opportunities in Hong Kong, and (3) effectiveness of poverty alleviation measures in Hong Kong. On this basis, this book advances the theory and practice of poverty and social exclusion measurement, and will inspire comparative research and policy analyses for better policy initiatives. 606 $aPoverty$zChina 615 0$aPoverty 676 $a339.460951 702 $aLau$b Maggie K. W. 702 $aGordon$b David$f1959- 801 0$bMiAaPQ 801 1$bMiAaPQ 801 2$bMiAaPQ 906 $aBOOK 912 $a9910817770603321 996 $aPoverty in a rich society$93999636 997 $aUNINA